| 000 | 01141nam a22002177a 4500 | ||
|---|---|---|---|
| 999 |
_c9089 _d9089 |
||
| 003 | AR-CdUCM | ||
| 008 | 190327b ||||| |||| 00| 0 spa d | ||
| 040 |
_aMUNICIPALIDAD PROVINCIAL DEL CUSCO _cBIBLIOTECA MUNICIPAL DEL CUSCO |
||
| 082 |
_a331.2985 / _bP19 |
||
| 100 |
_aPalma Martínez, Jorge _925083 |
||
| 245 |
_aGuía práctica del trabajador en construcción civil del Perú : _bnuevos sueldos y salarios mensual: s/. 8,000 - diario: s/. 267.00 Decreto Supremo N° 15-80-TR de 22-8-80 vigente desde el 1º de setiembre de 1980 / |
||
| 260 |
_aLima : _bEdiciones y Distribuciones Palma, _c1980. |
||
| 300 |
_a32 páginas ; _btablas, _c20 cm. |
||
| 505 | _aContenido: Decreto Ley N° 21106 -- Normas legales para incorporar a los pueblos jóvenes al sistema urbano -- Decreto ley N° 22612 -- Resuelven reclamación colectiva de trabajadores en construcción civil concediendo aumento para operario, peón -- Sueldos y salarios ... | ||
| 650 |
_aTrabajadores de la construcción _925084 |
||
| 650 |
_aSueldos y Salarios _96504 |
||
| 650 |
_aPerú. _935 |
||
| 650 |
_aConstrucción civil _919570 |
||
| 942 |
_2ddc _cLIBROS |
||
| 945 | _aachl | ||